| 000 | 00813nas a2200277 4500 | ||
|---|---|---|---|
| 001 | BR9705025 | ||
| 003 | BR-BrBNA | ||
| 005 | 20231205100603.0 | ||
| 007 | ta | ||
| 008 | 230509b bl.|||p| |||| 00| 00por d | ||
| 040 |
_aBR-BrBNA _bpor _cBiblioteca Nacional de Agricultura |
||
| 041 | _a(Pt) | ||
| 072 | _aF01 | ||
| 100 | 1 | _aBenedetti, E. | |
| 100 | 1 | _aColmanetti, A.L. | |
| 245 | 1 | _aDisponibilidade de materia seca de tres pastagens tropicais no cerrado brasileiro | |
| 650 | _aCapim Elefante | ||
| 650 | _aCapim Brachiaria | ||
| 650 | _aCapim Coloniao | ||
| 650 | _aMateria Seca | ||
| 650 | _aPastagem | ||
| 650 | _aForragem | ||
| 773 | 0 |
_tVeterinaria Noticias (Brazil) _xISSN 0104-3463 _g(1997), v. 3(1) p. 113-117 _wBR9705025 |
|
| 909 |
_a202311 _bLúcia _c55 _dLúcia Elande |
||
| 942 |
_2AGRIS _n0 _cANA |
||
| 999 |
_c156855 _d156855 |
||